|
|
|
|
| LEADER |
00000nam2a2200000 4500 |
| 001 |
123019 |
| 005 |
20231031130337.0 |
| 010 |
|
|
|a 5939724337
|
| 035 |
|
|
|a (RuTPU)RU\TPU\book\133177
|
| 090 |
|
|
|a 123019
|
| 100 |
|
|
|a 20071010d2006 k y0rusy50 ca
|
| 101 |
0 |
|
|a rus
|
| 102 |
|
|
|a RU
|
| 105 |
|
|
|a y z 001zy
|
| 200 |
0 |
|
|a Т. 2
|
| 210 |
|
|
|d 2006
|
| 215 |
|
|
|a 680 с.
|
| 320 |
|
|
|a Литература: с. 571-664.
|
| 320 |
|
|
|a Предметный указатель: с. 665-679.
|
| 330 |
|
|
|a В этой книге, являющейся непосредственным продолжением первого тома, излагаются основы современной теории меры на топологических пространствах, подробно обсуждается слабая сходимость мер, рассматриваются преобразования и изоморфизмы пространств с мерами, рассказывается об условных мерах. Представлены основные результаты о борелевских и суслинских множествах и теоремы об измеримом выборе. Дополнительные сведения содержат обширную справочную информацию по перечисленным направлениям и их связям с другими областями. Приведено много задач с решениями или указаниями (в двухтомнике свыше 850 задач). Даны подробные историко-библиографические комментарии. Оба тома в совокупности охватывают фундаментальные достижения теории меры за столетний период, включая совсем недавние результаты. Для студентов, аспирантов, преподавателей и научных работников физико-математических специальностей. Во второе издание внесен ряд исправлений и уточнений, добавлено много новых результатов и задач, включены новые разделы, существенно расширены указания к задачам и библиография. Общий объем двухтомника увеличился на 144 страницы.
|
| 461 |
|
1 |
|0 (RuTPU)RU\TPU\book\133734
|t Основы теории меры
|f В. И. Богачев
|v Т. 2
|d 2006
|
| 610 |
1 |
|
|a теория меры
|
| 610 |
1 |
|
|a борелевские множества
|
| 610 |
1 |
|
|a бэровские множества
|
| 610 |
1 |
|
|a суслинские множества
|
| 610 |
1 |
|
|a топологические пространства
|
| 610 |
1 |
|
|a меры
|
| 610 |
1 |
|
|a функционалы
|
| 610 |
1 |
|
|a слабая сходимость
|
| 610 |
1 |
|
|a изоморфизмы
|
| 610 |
1 |
|
|a условные меры
|
| 610 |
1 |
|
|a условные ожидания
|
| 675 |
|
|
|a 517.987
|v 3
|
| 801 |
|
1 |
|a RU
|b 63413507
|c 20071010
|g PSBO
|
| 801 |
|
2 |
|a RU
|b 63413507
|c 20120306
|g PSBO
|
| 942 |
|
|
|c BK
|